000 01260nam a22002897a 4500
005 20170504101329.0
010 _a1617EN ENG-115135
020 _a9789385755392
_c699.00
035 _aB-652130-134
035 _aB-666207
035 _aEN-98667
037 _bPragati
_adpl
037 _bDBAD/PUB
082 _a921
100 _aPawar, Sharad
245 _aOn my terms :
_bfrom the grassroots to the corridors of power /
_cby Sharad Pawar
260 _aNew Delhi
_bSpeaking Tiger
_c2016
270 _a4381/4 Ansari Road, Daryaganj,
_bNew Delhi
_e110002
300 _axii,264p., 32 unnumbered pages of plates :
_c23cm(Hb)
_bill.
500 _aIncludes pictures
600 _aPavāra, Śarada,
_d1940-
650 _aChief ministers
_zIndia
_zMaharashtra
_vBiography.
650 _a Politicians
_zIndia
_zMaharashtra
_vBiography.
942 _2ddc
_cEN
_mPAW
_h921
999 _c100044
_d100044